Central Library OPAC University of Rajshahi

Compound adjectives in English and the ideal speaker-listener : (Record no. 7894)

MARC details
000 -LEADER
fixed length control field 01138nam a2200325 p 4500
001 - CONTROL NUMBER
control field 7894
003 - CONTROL NUMBER IDENTIFIER
rucl marc code BD-RjUL
005 - DATE AND TIME OF LATEST TRANSACTION
control field 20211208234507.0
008 - FIXED-LENGTH DATA ELEMENTS--GENERAL INFORMATION
fixed length control field 160114s1975 nyka b 001 0 eng
020 ## - INTERNATIONAL STANDARD BOOK NUMBER
International Standard Book Number 0444107800 (American Elsevier) :
International Standard Book Number 0720461804
International Standard Book Number 0720462002
035 ## - SYSTEM CONTROL NUMBER
System control number (BD-RjUL)7938
040 ## - CATALOGING SOURCE
Original cataloging agency DLC
Transcribing agency DLC
Modifying agency DLC
-- BD-RjUL
Language of cataloging eng
041 ## - LANGUAGE CODE
Language code of text/sound track or separate title eng
082 00 - DEWEY DECIMAL CLASSIFICATION NUMBER
Classification number 425
Author mark and year COM
245 10 - TITLE STATEMENT
Title Compound adjectives in English and the ideal speaker-listener :
Remainder of title a study of compounding in a transformational-generative framework /
Statement of responsibility, etc. [by] W. J. Meys.
260 ## - PUBLICATION, DISTRIBUTION, ETC. (IMPRINT)
Place of publication, distribution, etc. Amsterdam ;
-- New York :
Name of publisher, distributor, etc. North-Holland Pub. Co. ,
-- American Elsevier Publishing Company,
Date of publication, distribution, etc. c1975.
300 ## - PHYSICAL DESCRIPTION
Pagination xiii, 226 p. :
Illustrations ill. ;
Size 23 cm.
490 0# - SERIES STATEMENT
Series statement North-Holland linguistic series
Volume/sequential designation v. 18
500 ## - GENERAL NOTE
General note Includes indexes.
504 ## - BIBLIOGRAPHY, ETC. NOTE
Bibliography, etc Bibliography: p. 205-213.
650 #0 - SUBJECT ADDED ENTRY--TOPICAL TERM
Topical term or geographic name as entry element English language
General subdivision Compound words.
9 (RLIN) 24638
Topical term or geographic name as entry element English language
General subdivision Adjective.
9 (RLIN) 24639
Topical term or geographic name as entry element English language
General subdivision Grammar, Generative.
9 (RLIN) 24640
700 1# - ADDED ENTRY--PERSONAL NAME
Personal name Meys, W. J.
942 ## - ADDED ENTRY ELEMENTS (KOHA)
Source of classification or shelving scheme Dewey Decimal Classification
Koha item type Books
Holdings
Lost status Source of classification or shelving scheme Damaged status Not for loan Collection code Permanent Location Current Location Shelving location Date acquired Source of acquisition Total Checkouts Full call number Date last seen Copy number Koha item type
  Dewey Decimal Classification   Not For Loan Non-fiction Central Library, University of Rajshahi Central Library, University of Rajshahi   04/04/1979 Nederland Gift   425 COM 1975 16/01/2014 C-1 Books
  Dewey Decimal Classification     Non-fiction Central Library, University of Rajshahi Central Library, University of Rajshahi   04/04/1979 Nederland Gift   425 COM 1975 30/08/2016 C-2 Books